[Event "LLWestMV2014-15"]
[Site "?"]
[Date "2015.02.22"]
[Round "6.4"]
[White "Vieten, Florian"]
[Black "Hilpert, Andreas"]
[Result "1-0"]
[WhiteElo "1675"]
[BlackElo "1835"]
[PlyCount "122"]
[EventType "team-tourn"]
[EventRounds "9"]
[WhiteTeam "Putlitzer SV"]
[BlackTeam "Volley-Tigers Ludwigslust 2000"]

1. e4 e5 2. Nc3 Bc5 3. Bc4 Nf6 4. Nf3 d6 5. d3 h6 6. Na4 Bb6 7. Nxb6 axb6 8. d4
Qe7 9. dxe5 dxe5 10. O-O O-O 11. Qe2 Bg4 12. h3 Bxf3 13. Qxf3 Qb4 14. Qb3 Qxb3
15. Bxb3 Nxe4 16. Re1 Nc5 17. Rxe5 Nxb3 18. cxb3 Nc6 19. Re4 f5 20. Ra4 Rxa4
21. bxa4 Nd4 22. Be3 Nc2 23. Rd1 Nxe3 24. fxe3 Rf7 25. Rd8+ Kh7 26. Kf2 Kg6 27.
b4 Kf6 28. b5 Ke7 29. Rb8 Kd7 30. a5 bxa5 31. Rxb7 Kd6 32. Ra7 Kc5 33. a4 Kb6
34. Ra6+ Kb7 35. Kf3 Re7 36. Rxa5 Re5 37. Ra6 h5 38. Kf4 Re4+ 39. Kxf5 Rxe3 40.
Kf4 Rc3 41. Re6 h4 42. Re3 Rc5 43. Re4 Rc2 44. g3 hxg3 45. Kxg3 Rc1 46. Kg4
Rg1+ 47. Kf5 g6+ 48. Kf6 g5 49. Rg4 Rh1 50. Rg3 Ra1 51. Kxg5 Rxa4 52. Rb3 Kb6
53. h4 Ra1 54. h5 Rg1+ 55. Kh6 Rc1 56. Kh7 Ka5 57. h6 Ka4 58. b6 Re1 59. b7
Re7+ 60. Kg6 Kxb3 61. b8=Q+ Kc4 1-0

[Event "LLWestMV2014-15"]
[Site "?"]
[Date "2015.02.22"]
[Round "6.5"]
[White "Tuchtenhagen, Harald"]
[Black "Oelke, Bernd"]
[Result "1/2-1/2"]
[WhiteElo "1797"]
[BlackElo "1774"]
[PlyCount "59"]
[EventType "team-tourn"]
[EventRounds "9"]
[WhiteTeam "Volley-Tigers Ludwigslust 2000"]
[BlackTeam "Putlitzer SV"]

1. e4 d5 2. d4 dxe4 3. Nc3 Nf6 4. Bc4 e6 5. Nge2 Be7 6. Ng3 Nbd7 7. Ncxe4 Nxe4
8. Nxe4 Nf6 9. Bd3 Bd7 10. c3 Bc6 11. f3 O-O 12. O-O Qd7 13. Re1 b6 14. Qc2 g6
15. Bh6 Rfe8 16. Rad1 Nxe4 17. Bxe4 Bxe4 18. Qxe4 Bf8 19. Bxf8 Rxf8 20. d5 exd5
21. Rxd5 Qc6 22. Qd4 Rfe8 23. Rde5 Rad8 24. Qf4 Rxe5 25. Qxe5 Qd6 26. Qxd6 Rxd6
27. Kf2 Kf8 28. Re2 f5 29. f4 Kf7 30. Re5 1/2-1/2

[Event "LLWestMV2014-15"]
[Site "?"]
[Date "2015.02.22"]
[Round "6.6"]
[White "Philipp, Daniel"]
[Black "Mitscherling, Reinhard"]
[Result "1/2-1/2"]
[WhiteElo "1611"]
[BlackElo "1779"]
[PlyCount "67"]
[EventType "team-tourn"]
[EventRounds "9"]
[WhiteTeam "Putlitzer SV"]
[BlackTeam "Volley-Tigers Ludwigslust 2000"]

1. e4 e5 2. Nf3 Nc6 3. Bb5 Nf6 4. d3 d6 5. Bxc6+ bxc6 6. O-O Be7 7. Re1 c5 8.
a3 a5 9. c3 Bg4 10. h3 Bh5 11. Qa4+ Qd7 12. Qxd7+ Nxd7 13. Nbd2 O-O 14. Rb1 Bg6
15. b4 axb4 16. axb4 cxb4 17. Rxb4 Nc5 18. Re3 Ra1 19. Rb1 Rfa8 20. d4 Rxb1 21.
Nxb1 Ra1 22. Nfd2 Ne6 23. dxe5 dxe5 24. Bb2 Ra4 25. Re1 Nc5 26. Ba3 h6 27. Bxc5
Bxc5 28. Kf1 Ra2 29. f3 f6 30. Nb3 Bb6 31. Re2 Ra4 32. Rc2 Kf7 33. N1d2 Ke6 34.
Ke2 1/2-1/2

[Event "LLWestMV2014-15"]
[Site "?"]
[Date "2015.02.22"]
[Round "6.7"]
[White "Emmrich, Olaf"]
[Black "Gottschalk, Maik"]
[Result "1-0"]
[WhiteElo "1785"]
[BlackElo "1675"]
[PlyCount "63"]
[EventType "team-tourn"]
[EventRounds "9"]
[WhiteTeam "Volley-Tigers Ludwigslust 2000"]
[BlackTeam "Putlitzer SV"]

1. e4 d6 2. d4 g6 3. Bc4 Bg7 4. Nf3 Nf6 5. Nbd2 O-O 6. c3 Bg4 7. Qb3 b6 8. Ng5
Qe8 9. h3 Bd7 10. e5 Ba4 11. Bxf7+ Rxf7 12. Qxf7+ Qxf7 13. Nxf7 Nd5 14. Ng5
dxe5 15. dxe5 Bxe5 16. Ndf3 Bf6 17. O-O Bc2 18. Ne6 c5 19. c4 Nb4 20. Nc7 Be4
21. Ng5 Bb7 22. Nxa8 Bxa8 23. Rd1 N8c6 24. Rd7 Nc2 25. Rb1 N2d4 26. Be3 Kg7 27.
Ne4 Be5 28. Nc3 Nf5 29. Re1 a6 30. Nd5 Bxb2 31. Bg5 Ne5 32. Bf6+ 1-0

[Event "LLWestMV2014-15"]
[Site "?"]
[Date "2015.02.22"]
[Round "6.8"]
[White "Paetzke, Bernd"]
[Black "Altenburg, Reiner"]
[Result "0-1"]
[WhiteElo "1642"]
[BlackElo "1443"]
[PlyCount "96"]
[EventType "team-tourn"]
[EventRounds "9"]
[WhiteTeam "Putlitzer SV"]
[BlackTeam "Volley-Tigers Ludwigslust 2000"]

1. d4 c5 2. Nf3 cxd4 3. Nxd4 Nc6 4. g3 g6 5. Bg2 Bg7 6. c3 Qb6 7. Nb3 Nf6 8.
O-O O-O 9. e4 d6 10. Be3 Qc7 11. N1d2 Bg4 12. f3 Bd7 13. Nd4 Qc8 14. Re1 a5 15.
Nc4 Ra6 16. Bf1 Nxd4 17. Bxd4 Qe8 18. Nb6 Bb5 19. c4 Bc6 20. a4 Nd7 21. Nd5
Bxd4+ 22. Qxd4 Nc5 23. Qd1 Qd7 24. b3 Bxd5 25. cxd5 Rb6 26. Bc4 Rb4 27. Re3 Qc7
28. Rc1 Rc8 29. Rec3 Qb6 30. Kg2 Rc7 31. Qd4 Nxa4 32. Qxb6 Nxb6 33. Be2 Rxc3
34. Rxc3 Nd7 35. Rc8+ Kg7 36. Ra8 b6 37. Ra7 Nc5 38. Bd1 Kf6 39. Rc7 Nxb3 40.
Bxb3 Rxb3 41. f4 a4 42. Rc6 a3 43. e5+ Kf5 44. exd6 exd6 45. Rc7 Kf6 46. g4 Rb5
47. g5+ Kg7 48. Ra7 Ra5 0-1

[Event "LLWestMV2014-15"]
[Site "?"]
[Date "2015.02.22"]
[Round "6.1"]
[White "Martens, Rolf-Dieter"]
[Black "Rabinowitsch, Juri"]
[Result "0-1"]
[WhiteElo "1871"]
[BlackElo "1891"]
[PlyCount "70"]
[EventType "team-tourn"]
[EventRounds "9"]
[WhiteTeam "SV Einheit Schwerin"]
[BlackTeam "SF Schwerin IV"]

1. e4 c5 2. Nf3 d6 3. d4 cxd4 4. Nxd4 a6 5. Be2 Nf6 6. Nc3 Nc6 7. Be3 e6 8. f4
Be7 9. Bf3 O-O 10. O-O Qc7 11. Qd2 Rb8 12. Rac1 Bd7 13. Nce2 e5 14. Nb3 Bg4 15.
Ng3 Bxf3 16. Rxf3 Ng4 17. Nf5 Nxe3 18. Nxe7+ Qxe7 19. Qxe3 exf4 20. Qxf4 Rbe8
21. Nd2 Nd4 22. Rf2 d5 23. c3 dxe4 24. cxd4 e3 25. Re2 exd2 26. Rxd2 Qb4 27. a3
Qb6 28. h3 Re6 29. Kh2 Rfe8 30. Qc7 Qb3 31. Rc3 Qd5 32. Rf3 R6e7 33. Qc3 Qd6+
34. Rg3 Re3 35. Rd3 Qxg3+ 0-1

[Event "LLWestMV2014-15"]
[Site "?"]
[Date "2015.02.22"]
[Round "6.2"]
[White "Kupfernagel, Michael"]
[Black "Fleischer, Matthias"]
[Result "1-0"]
[WhiteElo "1902"]
[BlackElo "1719"]
[PlyCount "103"]
[EventType "team-tourn"]
[EventRounds "9"]
[WhiteTeam "SF Schwerin IV"]
[BlackTeam "SV Einheit Schwerin"]

1. d4 Nf6 2. Nc3 g6 3. e4 d6 4. Bg5 c6 5. Nf3 Bg4 6. Be2 Qa5 7. Qd2 Bg7 8. O-O
O-O 9. Rfe1 Re8 10. Rad1 Nbd7 11. Be3 a6 12. h3 Bxf3 13. Bxf3 e5 14. d5 c5 15.
a4 b5 16. b3 b4 17. Ne2 Rab8 18. Ng3 Rec8 19. Be2 h5 20. f3 Nb6 21. Kh2 h4 22.
Nh1 Nh5 23. Bg5 c4 24. Bxh4 cxb3 25. cxb3 Rc3 26. Rb1 Rbc8 27. Rb2 Kh7 28. Bg5
f6 29. Be3 f5 30. Nf2 Rxe3 31. Qxe3 Bh6 32. Qd3 Qc5 33. Bf1 Bf4+ 34. Kg1 Bg3
35. exf5 Nxd5 36. fxg6+ Kg7 37. Rd2 Nhf4 38. Qf5 Nf6 39. Bxa6 Rc7 40. Bc4 Nxg6
41. Kf1 d5 42. Bd3 e4 43. fxe4 dxe4 44. Qxc5 Rxc5 45. Bxe4 Nf4 46. Bf3 Kg6 47.
Red1 Rc3 48. Rb1 Re3 49. Rd6 Kf5 50. Rxf6+ Kxf6 51. Ng4+ Kg5 52. Nxe3 1-0

[Event "LLWestMV2014-15"]
[Site "?"]
[Date "2015.02.22"]
[Round "6.3"]
[White "Fleischer, Martin"]
[Black "Jung, Werner"]
[Result "0-1"]
[WhiteElo "1655"]
[BlackElo "1896"]
[PlyCount "94"]
[EventType "team-tourn"]
[EventRounds "9"]
[WhiteTeam "SV Einheit Schwerin"]
[BlackTeam "SF Schwerin IV"]

1. e4 d5 2. exd5 Nf6 3. Nf3 Nxd5 4. d4 Bg4 5. Be2 e6 6. O-O Be7 7. c4 Nb6 8.
Nc3 O-O 9. c5 Nd5 10. Ne5 Bxe2 11. Nxe2 Nd7 12. Nd3 N7f6 13. b4 c6 14. Bd2 Ne4
15. Be1 Bg5 16. Ne5 Qc7 17. Qd3 f5 18. Nc4 Nf4 19. Nxf4 Bxf4 20. g3 Bh6 21. f3
Ng5 22. Kg2 Rad8 23. Nd6 Nf7 24. Nxf7 Rxf7 25. Bf2 Rd5 26. Qe2 Qd7 27. Rfe1 Re7
28. f4 g6 29. a4 Bg7 30. b5 Bxd4 31. bxc6 Qxc6 32. Bxd4 Rxd4+ 33. Kh3 Qxc5 34.
Rac1 Qd5 35. Rc8+ Kf7 36. Rh8 Kg7 37. Ra8 Rd2 38. Qe5+ Qxe5 39. Rxe5 a6 40. Rc5
Rdd7 41. Rcc8 e5 42. fxe5 Rxe5 43. Rg8+ Kh6 44. Rac8 Re4 45. a5 Re5 46. Rc4
Rxa5 47. Rh4+ Kg5 0-1

[Event "LLWestMV2014-15"]
[Site "?"]
[Date "2015.02.22"]
[Round "6.4"]
[White "Goertz, Frank"]
[Black "Thiel, Bernd-Peter"]
[Result "1/2-1/2"]
[WhiteElo "1880"]
[BlackElo "1636"]
[PlyCount "44"]
[EventType "team-tourn"]
[EventRounds "9"]
[WhiteTeam "SF Schwerin IV"]
[BlackTeam "SV Einheit Schwerin"]

1. e4 c5 2. f4 Nc6 3. Nf3 e6 4. Bb5 Qc7 5. Bxc6 Qxc6 6. d3 Nf6 7. O-O Be7 8.
Qe2 O-O 9. e5 Nd5 10. c4 Nb6 11. Nc3 d5 12. Bd2 a6 13. Rad1 Bd7 14. b3 Rad8 15.
Be1 Bc8 16. Bh4 Qc7 17. Bxe7 Qxe7 18. Qf2 Na8 19. cxd5 exd5 20. d4 c4 21. bxc4
dxc4 22. d5 Qa3 1/2-1/2

[Event "LLWestMV2014-15"]
[Site "?"]
[Date "2015.02.22"]
[Round "6.6"]
[White "Krueger, Gerhard"]
[Black "Suhr, Reinhard"]
[Result "1-0"]
[WhiteElo "1517"]
[BlackElo "1814"]
[PlyCount "59"]
[EventType "team-tourn"]
[EventRounds "9"]
[WhiteTeam "SF Schwerin IV"]
[BlackTeam "SV Einheit Schwerin"]

1. e4 e5 2. Nf3 d6 3. d4 exd4 4. Nxd4 Bd7 5. c4 Nc6 6. Nc3 g6 7. Be2 Bg7 8. Be3
Nge7 9. Rc1 O-O 10. O-O Qc8 11. Nd5 Nxd5 12. cxd5 Ne5 13. h3 Qd8 14. f4 Bh6 15.
Qd2 c5 16. Nc2 Qb6 17. fxe5 Bxe3+ 18. Nxe3 dxe5 19. Bg4 f5 20. exf5 c4 21. Kh1
gxf5 22. Nxf5 Bxf5 23. Bxf5 Qd8 24. Qh6 Qe7 25. Qe6+ Qxe6 26. Bxe6+ Kg7 27.
Rxf8 Rxf8 28. Rxc4 Rf2 29. Rc7+ Kg6 30. Rxb7 1-0

[Event "LLWestMV2014-15"]
[Site "?"]
[Date "2015.02.22"]
[Round "6.7"]
[White "Bartusch, Klaus"]
[Black "Pamperin, Gerhard"]
[Result "0-1"]
[WhiteElo "1576"]
[BlackElo "1791"]
[PlyCount "62"]
[EventType "team-tourn"]
[EventRounds "9"]
[WhiteTeam "SV Einheit Schwerin"]
[BlackTeam "SF Schwerin IV"]

1. d4 d5 2. Nf3 Nf6 3. Bf4 e6 4. e3 c5 5. c4 cxd4 6. exd4 dxc4 7. Bxc4 Nc6 8.
O-O Be7 9. Nc3 O-O 10. Rc1 a6 11. a3 b5 12. Ba2 Bb7 13. Bb1 Rc8 14. Ne4 Nxe4
15. Bxe4 Na5 16. Rxc8 Qxc8 17. Bb1 Qc4 18. Bd3 Qd5 19. Re1 Rc8 20. Re5 Qd8 21.
Qb1 g6 22. Ng5 Nc4 23. Nxe6 fxe6 24. Rxe6 Bd5 25. Rxa6 Bf7 26. b3 Qxd4 27. Bc1
Ne5 28. Be2 Ng4 29. Bxg4 Qxg4 30. Bb2 Bxb3 31. h3 Qd1+ 0-1

[Event "LLWestMV2014-15"]
[Site "?"]
[Date "2015.02.22"]
[Round "6.8"]
[White "Weinstein, Arkadi"]
[Black "Schulz, Willi"]
[Result "1-0"]
[WhiteElo "1705"]
[BlackElo "1557"]
[PlyCount "61"]
[EventType "team-tourn"]
[EventRounds "9"]
[WhiteTeam "SF Schwerin IV"]
[BlackTeam "SV Einheit Schwerin"]

1. e4 c5 2. Nf3 Nc6 3. c3 g6 4. Bc4 Bg7 5. O-O a6 6. a3 b5 7. Bb3 Nf6 8. d4
cxd4 9. e5 Ng4 10. cxd4 Nh6 11. d5 Na5 12. Ba2 Nf5 13. Bg5 d6 14. Bf4 dxe5 15.
Bxe5 O-O 16. Nc3 Bxe5 17. Nxe5 Qd6 18. Re1 b4 19. axb4 Qxb4 20. Rb1 Bb7 21. Re4
Qd6 22. b4 f6 23. bxa5 fxe5 24. Rxb7 Rf7 25. Rb6 Qd7 26. Rxe5 Qc7 27. Re1 Nd6
28. Ne4 Raf8 29. Rc6 Qb8 30. Nxd6 exd6 31. Re2 1-0

[Event "LLWestMV2014-15"]
[Site "?"]
[Date "2015.02.22"]
[Round "6.2"]
[White "Skriwanek, Arne"]
[Black "Arning, Norbert"]
[Result "1/2-1/2"]
[WhiteElo "1762"]
[BlackElo "1939"]
[PlyCount "41"]
[EventType "team-tourn"]
[EventRounds "9"]
[WhiteTeam "VfL Blau Weisz Neukloster"]
[BlackTeam "SV Malchower Schachinsel"]
[TimeControl "240+2"]

{597MB} 1. e4 e5 2. Nf3 Nc6 3. Bc4 Nf6 4. Nc3 Bc5 5. d3 h6 6. O-O O-O 7. Qe1 d6
8. Be3 Bg4 9. Bxc5 Bxf3 10. Be3 Bg4 11. f3 Be6 12. Qh4 d5 13. exd5 Nxd5 14.
Qxd8 Rfxd8 15. Bxd5 Bxd5 16. f4 Nd4 17. Bxd4 exd4 18. Nxd5 Rxd5 19. Rae1 Kf8
20. Rf2 Re8 21. Rfe2 1/2-1/2

[Event "LLWestMV2014-15"]
[Site "?"]
[Date "2015.02.22"]
[Round "6.3"]
[White "Schmidt, Joerg"]
[Black "Post, Ingo"]
[Result "1-0"]
[WhiteElo "1917"]
[BlackElo "1545"]
[PlyCount "79"]
[EventType "team-tourn"]
[EventRounds "9"]
[WhiteTeam "SV Malchower Schachinsel"]
[BlackTeam "VfL Blau Weisz Neukloster"]
[TimeControl "240+2"]

{597MB} 1. c4 g6 2. Nc3 d6 3. g3 Bg7 4. Bg2 Nf6 5. Nf3 e5 6. O-O O-O 7. b4 a6
8. a4 Be6 9. d3 e4 10. Nd4 exd3 11. Nxe6 fxe6 12. Bb2 dxe2 13. Qxe2 e5 14. Bxb7
Ra7 15. Bg2 Qd7 16. Rad1 Nc6 17. Nd5 Nxd5 18. Bxd5+ Kh8 19. Qe3 Nd4 20. Bxd4
exd4 21. Rxd4 c5 22. bxc5 dxc5 23. Re4 Bd4 24. Qd3 a5 25. Qc2 Ra6 26. Kg2 Raf6
27. f3 g5 28. h4 Rb8 29. Rfe1 gxh4 30. Re7 h3+ 31. Kh2 Rb2 32. Qxb2 Qxe7 33.
Rxe7 Bxb2 34. Kxh3 Bc3 35. g4 h6 36. Kh4 Rf8 37. Kh5 Bd2 38. Kg6 Rg8+ 39. Bxg8
Kxg8 40. Re8# 1-0

[Event "LLWestMV2014-15"]
[Site "?"]
[Date "2015.02.22"]
[Round "6.4"]
[White "Powilleit, Andy"]
[Black "Kuehn, Peter"]
[Result "1/2-1/2"]
[WhiteElo "1583"]
[BlackElo "1835"]
[PlyCount "90"]
[EventType "team-tourn"]
[EventRounds "9"]
[WhiteTeam "VfL Blau Weisz Neukloster"]
[BlackTeam "SV Malchower Schachinsel"]
[TimeControl "240+2"]

{597MB} 1. d4 f5 2. Nf3 Nf6 3. e3 g6 4. Bd3 Bg7 5. c3 d6 6. Bc4 d5 7. Bb5+ c6
8. Bd3 Nbd7 9. Ng5 Nb6 10. Nd2 h6 11. Nh3 O-O 12. Qc2 e5 13. dxe5 Ng4 14. Nf3
Nxe5 15. Nxe5 Bxe5 16. Bd2 Nd7 17. O-O-O Nc5 18. f3 Nxd3+ 19. Qxd3 Qa5 20. a3
Rd8 21. f4 Bg7 22. Nf2 Kf7 23. Qc2 Be6 24. h3 c5 25. Nd3 Rac8 26. Kb1 Qb6 27.
Ne5+ Bxe5 28. fxe5 d4 29. c4 d3 30. Qc3 Qa6 31. Rc1 Rd7 32. Rhf1 b5 33. cxb5
Qxb5 34. g4 Kg8 35. gxf5 Bxf5 36. Rxf5 gxf5 37. e6 Rg7 38. e4 fxe4 39. Bxh6
Rcc7 40. Bxg7 Rxg7 41. Re1 Qc6 42. e7 Qg6 43. Qxc5 d2 44. Qd5+ Kh7 45. Qxd2
Rxe7 1/2-1/2

[Event "LLWestMV2014-15"]
[Site "?"]
[Date "2015.02.22"]
[Round "6.5"]
[White "Hertel-Mach, Frank"]
[Black "Vormelker, Christian"]
[Result "1-0"]
[WhiteElo "1806"]
[BlackElo "1609"]
[PlyCount "59"]
[EventType "team-tourn"]
[EventRounds "9"]
[WhiteTeam "SV Malchower Schachinsel"]
[BlackTeam "VfL Blau Weisz Neukloster"]
[TimeControl "240+2"]

{597MB} 1. e4 c5 2. f4 Nc6 3. Nf3 d6 4. Be2 e6 5. O-O Be7 6. b3 Nf6 7. d3 O-O
8. Bb2 Qb6 9. Nbd2 d5 10. Ne5 Rd8 11. Nxc6 bxc6 12. e5 Nd7 13. Qe1 Nf8 14. Bh5
Bd7 15. Kh1 a5 16. Qg3 a4 17. Rab1 a3 18. Ba1 Rab8 19. f5 exf5 20. e6 Nxe6 21.
Rxf5 g6 22. Rxf7 Bd6 23. Qxd6 Kxf7 24. Rf1+ Kg8 25. Bg4 Nf8 26. Qf6 d4 27. Nc4
Qc7 28. Nd6 Bxg4 29. Nf7 Bf5 30. Nh6# 1-0

[Event "LLWestMV2014-15"]
[Site "?"]
[Date "2015.02.22"]
[Round "6.8"]
[White "Andersen, Henrik"]
[Black "Wahrmann, Eric"]
[Result "0-1"]
[WhiteElo "1056"]
[BlackElo "1481"]
[PlyCount "48"]
[EventType "team-tourn"]
[EventRounds "9"]
[WhiteTeam "VfL Blau Weisz Neukloster"]
[BlackTeam "SV Malchower Schachinsel"]
[TimeControl "240+2"]

{597MB} 1. e4 c5 2. Nc3 d6 3. Bc4 e6 4. Qe2 a6 5. a4 Nc6 6. Nf3 Be7 7. O-O Nf6
8. d3 O-O 9. Be3 d5 10. d4 cxd4 11. Bxd4 Nxd4 12. Nxd4 dxc4 13. Qxc4 e5 14. Nf3
Be6 15. Qe2 Qc7 16. Qe3 Ng4 17. Qc1 Rfd8 18. Rd1 Rxd1+ 19. Qxd1 Bc5 20. Nd5
Bxd5 21. exd5 Nxf2 22. Qe2 e4 23. Ne1 Ng4+ 24. Kf1 Nxh2# 0-1

[Event "LLWestMV2014-15"]
[Site "?"]
[Date "2015.02.22"]
[Round "6.1"]
[White "Schreiber, Felix"]
[Black "Pentzien, Volker"]
[Result "1-0"]
[WhiteElo "1809"]
[BlackElo "1830"]
[PlyCount "63"]
[EventType "team-tourn"]
[EventRounds "9"]
[WhiteTeam "SC Mecklenburger Springer"]
[BlackTeam "ASV GW Wismar II"]

1. d4 d5 2. Nf3 Nf6 3. Bf4 e6 4. e3 c5 5. c3 Nc6 6. Nbd2 cxd4 7. exd4 Bd6 8.
Ne5 Qc7 9. Bb5 O-O 10. Bxc6 bxc6 11. b4 Ba6 12. Bg3 Nd7 13. Nxd7 Qxd7 14. f4 f6
15. Qg4 Qe7 16. Kf2 e5 17. Rhe1 Qc7 18. fxe5 fxe5+ 19. Kg1 Bc8 20. Qh4 e4 21.
Bxd6 Qxd6 22. Nb3 Ba6 23. Nc5 Bc4 24. Nb7 Qc7 25. Nc5 Rf6 26. Qg4 Qd6 27. Qd7
Qf4 28. Ne6 Qf2+ 29. Kh1 Rg6 30. Rg1 Be2 31. Nd8 Bf3 32. Qe8# 1-0

[Event "LLWestMV2014-15"]
[Site "?"]
[Date "2015.02.22"]
[Round "6.2"]
[White "Podolskiy, Alexander"]
[Black "Schreiber, Oliver"]
[Result "1-0"]
[WhiteElo "1828"]
[BlackElo "1767"]
[PlyCount "53"]
[EventType "team-tourn"]
[EventRounds "9"]
[WhiteTeam "ASV GW Wismar II"]
[BlackTeam "SC Mecklenburger Springer"]

1. e4 d5 2. exd5 Qxd5 3. Nc3 Qa5 4. d4 c6 5. Nf3 Nf6 6. Ne5 Bf5 7. Bc4 e6 8.
O-O Bb4 9. Ne2 Nbd7 10. Nxd7 Nxd7 11. Ng3 Bg6 12. Bf4 h5 13. c3 Be7 14. Re1 h4
15. Ne4 Qf5 16. Bd6 Nf6 17. Bd3 Qd5 18. Nxf6+ gxf6 19. Bxe7 Kxe7 20. Bxg6 fxg6
21. Re3 Rh5 22. h3 Rg5 23. f3 Rg3 24. Qc2 Qg5 25. Rae1 Rxh3 26. Rxe6+ Kf7 27.
Qb3 1-0

[Event "LLWestMV2014-15"]
[Site "?"]
[Date "2015.02.22"]
[Round "6.3"]
[White "Konrad, Andreas"]
[Black "Junggebauer, Thomas"]
[Result "0-1"]
[WhiteElo "1734"]
[BlackElo "1786"]
[PlyCount "32"]
[EventType "team-tourn"]
[EventRounds "9"]
[WhiteTeam "SC Mecklenburger Springer"]
[BlackTeam "ASV GW Wismar II"]

1. e4 c5 2. Nf3 Nc6 3. d4 cxd4 4. Nxd4 e6 5. Nc3 a6 6. a3 Be7 7. Be3 Nf6 8. Be2
O-O 9. Qd2 d5 10. exd5 exd5 11. Bf3 Ne5 12. h3 Nc4 13. Qc1 Nxe3 14. Qxe3 Re8
15. O-O Bxa3 16. Qg5 Bxb2 0-1

[Event "LLWestMV2014-15"]
[Site "?"]
[Date "2015.02.22"]
[Round "6.4"]
[White "Wagner, Bernd"]
[Black "Knoop, Sascha"]
[Result "1/2-1/2"]
[WhiteElo "1764"]
[BlackElo "1655"]
[PlyCount "38"]
[EventType "team-tourn"]
[EventRounds "9"]
[WhiteTeam "ASV GW Wismar II"]
[BlackTeam "SC Mecklenburger Springer"]

1. d4 Nf6 2. c4 e6 3. Nc3 d5 4. Bf4 c6 5. e3 Be7 6. Bd3 Nbd7 7. Nge2 dxc4 8.
Bxc4 b5 9. Bd3 a6 10. O-O c5 11. Rc1 Bb7 12. Bg3 O-O 13. Bb1 Qb6 14. dxc5 Nxc5
15. Nd4 Rfd8 16. b4 Ncd7 17. Qb3 Rac8 18. Rfd1 Nd5 19. a3 N7f6 1/2-1/2

[Event "LLWestMV2014-15"]
[Site "?"]
[Date "2015.02.22"]
[Round "6.5"]
[White "Schreiber, Nico"]
[Black "Eick, Michael"]
[Result "1-0"]
[WhiteElo "1706"]
[BlackElo "1750"]
[PlyCount "42"]
[EventType "team-tourn"]
[EventRounds "9"]
[WhiteTeam "SC Mecklenburger Springer"]
[BlackTeam "ASV GW Wismar II"]

1. d4 Nf6 2. Nf3 g6 3. Nc3 Bg7 4. e4 d6 5. Bc4 O-O 6. O-O c5 7. dxc5 dxc5 8.
Qe2 e6 9. Rd1 Qb6 10. Bb3 a6 11. Bf4 Bd7 12. Bd6 Rc8 13. e5 Bb5 14. Nxb5 axb5
15. exf6 Bxf6 16. c3 c4 17. Bc2 Nc6 18. Be5 Bxe5 19. Nxe5 Nxe5 20. Qxe5 b4 21.
h4 h6 1-0

[Event "LLWestMV2014-15"]
[Site "?"]
[Date "2015.02.22"]
[Round "6.6"]
[White "Schmidtke, Wilfried"]
[Black "Goldbach, Aaron"]
[Result "0-1"]
[WhiteElo "1630"]
[BlackElo "1696"]
[PlyCount "102"]
[EventType "team-tourn"]
[EventRounds "9"]
[WhiteTeam "ASV GW Wismar II"]
[BlackTeam "SC Mecklenburger Springer"]

1. b4 e6 2. Bb2 Nf6 3. b5 d5 4. e3 Bd6 5. Nf3 Nbd7 6. c4 O-O 7. d4 dxc4 8. Bxc4
Re8 9. O-O b6 10. Nc3 Bb7 11. Re1 e5 12. Ng5 Rf8 13. d5 h6 14. Nge4 Nxe4 15.
Nxe4 f5 16. Nxd6 cxd6 17. Qh5 Rc8 18. Rac1 Qe8 19. Qxe8 Rfxe8 20. g3 Kf8 21. e4
fxe4 22. Re2 Nf6 23. Rd2 Rc7 24. Bb3 Rxc1+ 25. Bxc1 Rc8 26. Ba3 Ke7 27. h3 e3
28. fxe3 Ne4 29. Re2 g5 30. Kh2 Nc3 31. Rc2 Nxb5 32. Rxc8 Bxc8 33. Bb2 Bf5 34.
g4 Be4 35. Kg3 Nc7 36. h4 Bxd5 37. hxg5 hxg5 38. Bxd5 Nxd5 39. Kf3 Ke6 40. a3
Nf6 41. e4 d5 42. exd5+ Kxd5 43. Bc1 Ne4 44. Bb2 b5 45. Ba1 Nd2+ 46. Ke2 Nc4
47. Bc3 Nxa3 48. Bd2 Ke4 49. Bxg5 Nc4 50. Bc1 a5 51. Kd1 b4 0-1

[Event "LLWestMV2014-15"]
[Site "?"]
[Date "2015.02.22"]
[Round "6.7"]
[White "Hopp, Peter"]
[Black "Noelter, Gerd"]
[Result "0-1"]
[WhiteElo "1619"]
[BlackElo "1629"]
[PlyCount "36"]
[EventType "team-tourn"]
[EventRounds "9"]
[WhiteTeam "SC Mecklenburger Springer"]
[BlackTeam "ASV GW Wismar II"]

1. e4 e6 2. d4 d5 3. exd5 exd5 4. Bd3 Bd6 5. Nf3 Qe7+ 6. Be3 Bf4 7. Qe2 Bxe3 8.
fxe3 Bg4 9. O-O Bxf3 10. Qxf3 Nf6 11. Nd2 O-O 12. e4 g6 13. e5 Nh5 14. Rac1 Nc6
15. c3 Rae8 16. g4 Qg5 17. Qg2 Nf4 18. Qg3 Nxd3 0-1

[Event "LLWestMV2014-15"]
[Site "?"]
[Date "2015.02.22"]
[Round "6.8"]
[White "Schleese, Wolfgang"]
[Black "Neumann, Ralf"]
[Result "1/2-1/2"]
[WhiteElo "1541"]
[BlackElo "1505"]
[PlyCount "24"]
[EventType "team-tourn"]
[EventRounds "9"]
[WhiteTeam "ASV GW Wismar II"]
[BlackTeam "SC Mecklenburger Springer"]

1. d4 f5 2. Bf4 Nf6 3. Nf3 e6 4. e3 Be7 5. Bd3 O-O 6. O-O c5 7. c3 d5 8. dxc5
Bxc5 9. Ne5 Nc6 10. Nd2 Nxe5 11. Bxe5 Bd6 12. Bxd6 Qxd6 1/2-1/2

[Event "LLWestMV2014-15"]
[Site "?"]
[Date "2015.02.22"]
[Round "6.1"]
[White "Stadler, Bertino"]
[Black "Dupke, Andreas"]
[Result "1/2-1/2"]
[WhiteElo "1675"]
[BlackElo "1772"]
[PlyCount "94"]
[EventType "team-tourn"]
[EventRounds "9"]
[SourceDate "2015.02.22"]
[WhiteTeam "SV Empor Kuehlungsborn"]
[BlackTeam "SG Eintracht Neubrandenburg II"]

1. e4 e5 2. Nf3 Nf6 3. Nc3 Bb4 4. d3 Nc6 5. a3 Bc5 6. Bg5 h6 7. Bxf6 Qxf6 8.
Nd5 Qd8 9. c3 d6 10. b4 Bb6 11. a4 a5 12. Nxb6 cxb6 13. b5 Ne7 14. Be2 Ng6 15.
g3 O-O 16. h4 Be6 17. h5 Ne7 18. Nh4 d5 19. f3 f5 20. exf5 Bxf5 21. g4 Bh7 22.
Qd2 Rc8 23. Rc1 Qd6 24. O-O Rf4 25. Qa2 Kf8 26. Ng2 Rf6 27. Qd2 Qa3 28. f4 exf4
29. Rxf4 Ng8 30. Rxf6+ Nxf6 31. Bd1 Qd6 32. Nf4 Qe5 33. Bf3 Re8 34. Kf2 Qg5 35.
Ng6+ Bxg6 36. Qxg5 hxg5 37. hxg6 Re5 38. Re1 Nd7 39. d4 Rxe1 40. Kxe1 Nf6 41.
Ke2 Ke7 42. Kd3 Ke6 43. c4 dxc4+ 44. Kxc4 Ne8 45. Be4 Nd6+ 46. Kd3 Kf6 47. Ke3
Ke6 1/2-1/2

[Event "LLWestMV2014-15"]
[Site "?"]
[Date "2015.02.22"]
[Round "6.2"]
[White "Zabka, Helge, Dr."]
[Black "Kornblum, Harry"]
[Result "0-1"]
[WhiteElo "1678"]
[BlackElo "1870"]
[PlyCount "88"]
[EventType "team-tourn"]
[EventRounds "9"]
[SourceDate "2015.02.22"]
[WhiteTeam "SG Eintracht Neubrandenburg II"]
[BlackTeam "SV Empor Kuehlungsborn"]

1. Nf3 d6 2. g3 g6 3. Bg2 Bg7 4. d4 Nf6 5. Nbd2 O-O 6. O-O Nbd7 7. e4 e5 8.
dxe5 dxe5 9. Qe2 b6 10. Rd1 Qe7 11. b3 Bb7 12. Bb2 Rad8 13. a4 Rfe8 14. a5 Ra8
15. Ne1 Red8 16. Qc4 Ne8 17. Ba3 Qf6 18. Nd3 a6 19. axb6 cxb6 20. Nb4 Rac8 21.
Qe2 Bf8 22. Nc4 Bc5 23. Nd5 Bxd5 24. exd5 b5 25. Na5 Nd6 26. Nc6 Re8 27. Bxc5
Nxc5 28. Ra2 Rc7 29. Rda1 e4 30. Qe3 Ndb7 31. c4 Qd6 32. Nd4 Rce7 33. cxb5 axb5
34. Nxb5 Qxd5 35. b4 Nd3 36. Nc3 Qc4 37. Ne2 Nxb4 38. Ra4 Nd6 39. Qd2 e3 40.
fxe3 Rxe3 41. Rxb4 Rxe2 42. Qxd6 Re1+ 43. Rxe1 Rxe1+ 44. Kf2 Qe2# 0-1